000 00328nam a22001337a 4500
008 170420b xxu||||| |||| 00| 0 eng d
020 _a9780805339703
041 _aeng
080 _28TH
_a573
100 _a11
101 _aSHM
245 _aAN INTRODUCTION TO CHEMISTRY FOR BIOLOGY STUDENTS
_cSACKHEIM, G.I
942 _2udc
_cBK
999 _c11366
_d11366